000 00646 a2200193 4500
010 _aENG-85984
020 _a0070659095
_c199.00
035 _aEN-69517
037 _bDBAD / PUB
082 1 4 _a158.1
090 _c3964
_d3964
100 _aPritchett, Price
245 1 _aHard optimism
_cby Price Pritchett
_bhow to succeed in a world where positive wins
260 _aNew Delhi
_bTata Mc-Graw Hill Publishing
_c2007
270 _a7, West Patel Nagar
_bNew Delhi
_cDelhi
_e110 008
300 _aiv, 139p.
_c21m (pbk)
942 _adpl
_cEN
_k158.1 / PRI
999 _c3885
_d3885